000
00182nam a2200097Ia 4500
100
_a
#N/A
942
_c
BK
245
_a
CASE STUDY : MISSION 10 X
260
_b
#N/A
546
_a
ENGLISH
999
_c
29940
_d
29940